[Event "HUN-chT2 Barcza 1415"]
[Site "Hungary"]
[Date "2015.02.08"]
[Round "?"]
[White "Gocza, Adam"]
[Black "Szabo, Natalia"]
[Result "1-0"]
[WhiteElo "1677"]
[BlackElo "1392"]
[PlyCount "97"]
[EventDate "2014.09.07"]
[EventType "team-tourn"]
[EventRounds "11"]
[EventCountry "HUN"]
[SourceTitle "EXT 2016"]
[Source "ChessBase"]
[SourceDate "2015.10.08"]
[SourceVersion "1"]
[SourceVersionDate "2015.10.08"]
[SourceQuality "1"]
[WhiteTeam "Piremon"]
[BlackTeam "Debrecen Sakkbaratok"]
[WhiteTeamCountry "HUN"]
[BlackTeamCountry "HUN"]

1. e4 e5 2. Nf3 Nf6 3. Nc3 Bb4 4. Bc4 0-0 5. d3 d5 6. exd5 Nxd5 7. Bd2 Nxc3 8. bxc3 Bd6 9. h3 Nd7 10. 0-0 Nf6 11. Bg5 h6 12. Be3 b6 13. d4 exd4 14. cxd4 Re8 15. Bb5 Bd7 16. Bxd7 Qxd7 17. c4 c5 18. d5 Rab8 19. a4 a5 20. Rb1 Ne4 21. Qc2 f5 22. Rb5 Bc7 23. Rfb1 Nd6 24. R5b2 Re4 25. Nd2 Ree8 26. Bf4 Rf8 27. Nf3 Rf6 28. Ne5 Qe8 29. Nc6 Rb7 30. Bxd6 Bxd6 31. Nxa5 Rb8 32. Nc6 Rb7 33. Kf1 Bc7 34. a5 Rxc6 35. dxc6 Qxc6 36. Qxf5 Rb8 37. Qd5+ Qxd5 38. cxd5 Rd8 39. axb6 Bb8 40. Rd1 Kf7 41. Re2 c4 42. Re6 c3 43. Rc6 Ke7 44. Rxc3 Kd7 45. Rc6 Re8 46. b7 Rf8 47. Rdc1 Bg3 48. R1c2 Bb8 49. Rc8 1-0